| 000 | 00493nam a2200169Ia 4500 | ||
|---|---|---|---|
| 008 | 090122s9999 xx 000 0 und d | ||
| 082 |
_b83 _a891.4687 |
||
| 100 |
_aकर्वे _bइरावती |
||
| 245 | _aपरिपूर्ती | ||
| 260 |
_bदेशमुख आणि कंपनी _c1986 |
||
| 300 | _a146 | ||
| 600 | _aकर्वे | ||
| 630 | _aपरिपूर्ती | ||
| 700 | _aकर्वे | ||
| 730 | _aपरिपूर्ती | ||
| 942 | _cBOOK | ||
| 999 |
_c24161 _d24161 |
||